LEADER 00746nam a2200205 i 4500 001 000000152913 003 CaOOAMICUS 005 20060907000000.0 008 060907n it u000 u eng u 013 $a130254 040 $aSeMil$bita 245 10$aGenesis 27:41 to end. 300 $aVII, 374 p. 490 0 $aClassic commentary library 500 $aContiene : Appendix. 773 0 $aCandlish, Robert S.$tCommentary on Genesis.$dMichigan : Zondervan Publishing House, [19-?]$gVol.2$w()16299 830 0$aClassic commentary library.$0(OLS)http://semarc/title/21559 850 $aSeMil 852 $aSeMil$W1$xVenegono$y1$m2W II 146$j104857$B104857$CSeMilBibl$Z2$F114035 $81 996 $6245$aGenesis 27:41 to end$9(OLS)http://semarc/title/223647 LEADER 00578nab a2200145 i 4500 001 000000267404 003 CaOOAMICUS 005 20071008000000.0 008 071008n xx uu u0 0und r 013 $a11997 040 $aSeMil$bita 245 10$aMyanmar :$bla forza di una fede. - 27 c. - Titolo principale dalla prima pagina. 500 $a5 ottobre 2007 (N. 1594). 773 0 $t[2007.$dRoma : Società per l'Informazione Religiosa (SIR), stampa 2007.$w()165018 996 $6245$aMyanmar :$bla forza di una fede. - 27 c. - Titolo principale dalla prima pagina.$9(OLS)http://semarc/title/358319